000 00528nam a2200181Ia 4500
003 GCL
008 140319s9999 xx 000 0 ara d
040 _aGCL /
_cGCL
082 0 4 _a814.008
_bا ا
100 1 _aانيس منصور
245 1 0 _aاتمنى لك: مقالات /
_cانيس منصور
300 _a291 ص
490 _aالهيئة العامة للاستعلامات
_v0
650 0 4 _aالقصص العربية
650 0 4 _aالادب
650 0 4 _aالادب العربى - مقالات
942 _2ddc
_cBK
999 _c49461
_d49461